000 003900000a22001570004500
001 004284
003 MACL
040 _aMACL
090 _c16277
_d16276
100 _aKumar, Ravinder
245 _aSelected Works Of Jawaharlal Nehru Volume 29
_cRavinder Kumar
260 _aJawahar Publishers And Distributers,
_c2000
350 _a500
650 _aGeneral Collection
942 _k080
_cBOOK
999 _c16175
_d16175